Statistics for Most Urban States By Percentage

Click here to take the quiz!

General Stats

  • This quiz has been taken 44 times
  • The average score is 9 of 10

Answer Stats

HintAnswer% Correct
95.0%California
95%
92.0%Massachusetts
92%
94.7%New Jersey
92%
90.7%Rhode Island
90%
89.8%Arizona
87%
91.2%Florida
87%
94.2%Nevada
87%
91.9%Hawaii
85%
88.5%Illinois
82%
90.6%Utah
67%

Score Distribution

Percentile by Number Answered

Percent of People with Each Score

Your Score History

You have not taken this quiz